| 000 | 00883nam a2200241Ia 4500 | ||
|---|---|---|---|
| 003 | GCL | ||
| 008 | 140319s9999 xx 000 0 ara d | ||
| 020 | _a8938223977 | ||
| 040 |
_aGCL / _cGCL |
||
| 082 | 0 | 4 |
_a962.404 _bإ م |
| 100 | 1 | _aاجلال رافت | |
| 245 | 1 | 0 |
_aملامح النزاع فى دارفور : _bالازمة والافق المستقبلى / _cاجلال رافت |
| 700 | 1 | _aهانئ رسلان | |
| 250 | _aالاولى | ||
| 260 |
_aالقاهرة : _bمركز البحوث والدراسات السياسية ، _c2004 |
||
| 300 |
_a155 ص ؛ _c28 سم |
||
| 650 | 0 | 4 | _aالحرب الاهلية |
| 650 | 0 | 4 | _aدارفور |
| 650 | 0 | 4 | _aالسودان - تاريخ - العصر الحديث |
| 650 | 0 | 4 | _aالسودان - الحدود السياسية |
| 650 | 0 | 4 | _aالسودان - تاريخ - الحرب الاهلية |
| 942 |
_2ddc _cBK |
||
| 999 |
_c33433 _d33433 |
||